Missing Word: Guns N' Roses Quiz Stats

Quiz Updated Apr 24, 2016

Challenge
Share
Tweet
Embed
Score 0/18 Timer 04:00
0 Plays Today
Song Missing Word % Correct
Sweet _____ O' MineChild
97.8%
Welcome To The ______Jungle
93.5%
November ____Rain
91.8%
Used To ____ HerLove
89.1%
________ CityParadise
84.9%
One In A _______Million
78.5%
_____ Was A TimeThere
74.5%
____ So EasyIt's
74.3%
You _____ Be MineCould
69%
Song Missing Word % Correct
____ CryDon't
66.7%
_____ WarCivil
63%
Move To The ____City
51.4%
_____ I Don't Have YouSince
47%
You're _____Crazy
45.7%
Ain't It ___Fun
40.4%
_____ Of DreamsStreet
25.2%
If The _____World
22.1%
___ PowerRaw
19.2%

Today's Daily Dose

Word Ladder
KISS Hit

On This Day
January 22nd

You're not logged in!

Compare scores with friends on all Sporcle quizzes.
Sign Up with Email
OR
Log In

You Might Also Like...

Show Comments

Extras

Top Quizzes Today


Score Distribution

Your Account Isn't Verified!

In order to create a playlist on Sporcle, you need to verify the email address you used during registration. Go to your Sporcle Settings to finish the process.